| 000 | 01733nam0a22003131 4500 | ||
|---|---|---|---|
| 001 | rc\4105378 | ||
| 005 | 20260407052529.0 | ||
| 021 |
_aRU _b[56-8108ж] |
||
| 035 | _a(NLR Aleph) 008141777 | ||
| 090 |
_a9488967 _c9488967 |
||
| 100 | _a20130415d1956 |||y0rusy50 ca | ||
| 101 | 0 | _arus | |
| 102 | _aRU | ||
| 105 | _aa z ||||| | ||
| 200 | 1 |
_aТруды конференции, посвященной 35-летию института _fПод общ. ред. В.А. Крестовниковой и А.П. Музыченко |
|
| 210 |
_aМосква _cБ. и. _d1956 |
||
| 215 |
_a366 с. _cил. _d27 |
||
| 225 | 1 |
_aМинистерство здравоохранения СССР. Московский научно-исследовательский институт вакцин и сывороток им. Мечникова. [Труды...] _vТ. 8 |
|
| 320 | _aЛит. указатель опубл. работ, выполненных в Ин-те им. И.И. Мечникова за 35 лет (1919-1955) / Сост. О.С. Бедриковская: с. 325-358 (951 назв.) и библиогр. в конце статей | ||
| 606 |
_aИнфекционные болезни _jСборники _2psbo |
||
| 606 |
_aМикробиология медицинская _jСборники _2psbo |
||
| 702 | 1 |
_aМузыченко _bА.П. _4340 |
|
| 702 | 1 |
_aКрестовникова _bВ.А. _gВарвара Антоновна _4340 |
|
| 710 | 0 | 2 |
_aМосковский НИИ вакцин и сывороток им. И. И. Мечникова _bКонференция _f1955 _3RU\NLR\AUTH\8810022162 _9542322 |
| 801 | 0 |
_aRU _bNLR _gpsbo |
|
| 801 | 1 |
_aRU _bELAR _2rusmarc |
|
| 852 |
_aNLR _jП17/100 |
||
| 942 | _cBOOK | ||
| 980 | _aNB | ||